000 00620nam a2200229Ia 4500
001 1776
005 20240113233515.0
007 ta
008 050211s1995 a g b000 u ben u
040 _aCotton College,Assam
041 _aben
082 _a891.4403
_bMi 697 Sa
100 _aMittra, Subal Ch. .
245 0 _aSaral Bangla Abhidhan /
_cSubal Ch.Mittra.
_hTextual Documents
250 _a8th ed /
260 _aCalcutta :
_bNew Bengal press ,
_c1995.
300 _a1629p. :
_bill ;
_c24cm. .
653 _aBengali Language-Dictionaries
942 _2ddc
_cBK
999 _c1771
_d1771